| 000 | 00988namaa2200301 a 4500 | ||
|---|---|---|---|
| 001 | vtls001303905 | ||
| 003 | NLI | ||
| 005 | 20210627043908.0 | ||
| 008 | 120418m1980 dcu b i000 0 eng | ||
| 039 | 9 |
_y201204181930 _zVLOAD |
|
| 040 | 0 |
_aNLI _cVTLS-2012_FOD _eAACR2 |
|
| 041 | 0 | _aeng | |
| 044 | _adcu | ||
| 082 | 0 | 4 | _a331.3413770973 |
| 110 | 1 |
_aUnited States. _bEmployment and Training Administration. _bOffice of Youth Programs _9725574 |
|
| 245 | 1 | 0 |
_aAssessments of the Job Corps : _bperformance and impacts |
| 260 |
_aWashington,D.C. : _bUnited States Government Printing Office, _c1980 |
||
| 300 |
_a-v. : _bgraphs ; _c28 cm. |
||
| 500 | _aCover title | ||
| 500 | _aLibrary has vol.1 | ||
| 504 | _aIncludes bibliographical references | ||
| 650 | 0 |
_aYouth _xEmployment _zUnited States _9725575 |
|
| 650 | 0 |
_aManpower policy _zUnited States _9716604 |
|
| 887 | _a | ||
| 901 |
_aAD 128138 _b22.10.2010 _9vol.1 |
||
| 902 | _aU.S 331.3413770973 Un 3 a | ||
| 942 |
_2ddc _cBKS |
||
| 999 |
_c596265 _d596265 |
||